| 000 | 00770nam a2200205 4500 | ||
|---|---|---|---|
| 008 | 011024s1997 us 0 engYA | ||
| 020 | _a0788503596 | ||
| 090 |
_aBS2625.2 _bAl5d |
||
| 100 | 1 | _aAllen, O. Wesley | |
| 245 | 1 | 0 |
_aThe death of Herod : _bthe narrative and theological function of retribution in Luke-Acts / _cO. Wesley Allen. |
| 260 |
_aGeorgia : _bScholars Press, _cc1997. |
||
| 300 | _axi, 222 p. | ||
| 490 | 1 |
_aSBL Dissertation series; _v158. |
|
| 500 | _aOriginally presented as the author's thesis- Emory University | ||
| 504 | _aBiblio: pp.207-222 | ||
| 600 | 1 | 4 |
_aHerod Agrippa I, King of Judea, 10 B.C.-44 A.D. _xDeath and burial. |
| 950 | 0 | _29.95/17.97 | |
| 951 |
_p24034 _x00010759 _oBS2625.2/Al5d _j070613111009734 _d2000-12-21 _cGC |
||
| 999 |
_c4440 _d4440 |
||
| 942 | 0 | 0 | _02 |